{"text_format":"3","workbook":"xlsx","n_sheets":1,"sheets":["Предмет"],"not_rendered":{"defined_names":8},"read":"whole","date_system":"1900"}

{"sheet":"Предмет","index":0,"n_rows":37,"n_cols":11,"rows_kept":37}
["№","Фамилия","Пол","Класс","Класс участия","Балл","Макс. Балл","Статус","Призер МЭ прошлого года","Учитель","Место работы учителя"]
[1,3,6,9,10,11,12,13,14,15,16]
[1,"Саитов","м",5,5,25,100,"участник",null,"Белышева Анна Владимировна","МБОУ \"Татарская гимназия имени Р.Ш. Фардиева\""]
[2,"Тугашев","м",5,5,52,100,"победитель",null,"Белышева Анна Владимировна","МБОУ \"Татарская гимназия имени Р.Ш. Фардиева\""]
[3,"Шайдуллин","м",5,5,20,100,"участник",null,"Белышева Анна Владимировна","МБОУ \"Татарская гимназия имени Р.Ш. Фардиева\""]
[4,"Галиева","ж",5,5,45,100,"призер",null,"Белышева Анна Владимировна","МБОУ \"Татарская гимназия имени Р.Ш. Фардиева\""]
[5,"Миннебаев ","м",6,6,48,100,"призер",null,"Белышева Анна Владимировна","МБОУ \"Татарская гимназия имени Р.Ш. Фардиева\""]
[6,"Миннеханов","м",6,6,46,100,"призер",null,"Белышева Анна Владимировна","МБОУ \"Татарская гимназия имени Р.Ш. Фардиева\""]
[7,"Талибуллина ","ж",6,6,49,100,"призер",null,"Белышева Анна Владимировна","МБОУ \"Татарская гимназия имени Р.Ш. Фардиева\""]
[8,"Хабутдинов ","м",6,6,53,100,"победитель",null,"Белышева Анна Владимировна","МБОУ \"Татарская гимназия имени Р.Ш. Фардиева\""]
[9,"Абдулхакова    ","ж",7,7,25,100,"участник",null,"Белышева Анна Владимировна","МБОУ \"Татарская гимназия имени Р.Ш. Фардиева\""]
[10,"Альмеев          ","м",7,7,26,100,"участник",null,"Белышева Анна Владимировна","МБОУ \"Татарская гимназия имени Р.Ш. Фардиева\""]
[11,"Ахметзянов ","м",7,7,21,100,"участник",null,"Белышева Анна Владимировна","МБОУ \"Татарская гимназия имени Р.Ш. Фардиева\""]
[12,"Краснов    ","м",7,7,29,100,"участник",null,"Белышева Анна Владимировна","МБОУ \"Татарская гимназия имени Р.Ш. Фардиева\""]
[13,"Сафронова     ","ж",7,7,62,100,"победитель",null,"Белышева Анна Владимировна","МБОУ \"Татарская гимназия имени Р.Ш. Фардиева\""]
[14,"Уразайкин         ","м",7,7,24,100,"участник",null,"Белышева Анна Владимировна","МБОУ \"Татарская гимназия имени Р.Ш. Фардиева\""]
[15,"Хайруллин          ","м",7,7,23,100,"участник",null,"Белышева Анна Владимировна","МБОУ \"Татарская гимназия имени Р.Ш. Фардиева\""]
[16,"Ханова ","ж",7,7,57,100,"призер",null,"Белышева Анна Владимировна","МБОУ \"Татарская гимназия имени Р.Ш. Фардиева\""]
[17,"Агзамов","м",8,8,39,100,"призер",null,"Белышева Анна Владимировна","МБОУ \"Татарская гимназия имени Р.Ш. Фардиева\""]
[18,"Мингалин","м",8,8,24,100,"участник",null,"Белышева Анна Владимировна","МБОУ \"Татарская гимназия имени Р.Ш. Фардиева\""]
[19,"Тихонова","ж",8,8,42,100,"призер",null,"Белышева Анна Владимировна","МБОУ \"Татарская гимназия имени Р.Ш. Фардиева\""]
[20,"Тугашев","м",8,8,37,100,"призер",null,"Белышева Анна Владимировна","МБОУ \"Татарская гимназия имени Р.Ш. Фардиева\""]
[21,"Чупашов","м",8,8,56,100,"победитель",null,"Белышева Анна Владимировна","МБОУ \"Татарская гимназия имени Р.Ш. Фардиева\""]
[22,"Косова","ж",8,8,82,100,"победитель","победитель","Белышева Анна Владимировна","МБОУ \"Татарская гимназия имени Р.Ш. Фардиева\""]
[23,"Ишмиева","ж",9,9,51,100,"победитель",null,"Белышева Анна Владимировна","МБОУ \"Татарская гимназия имени Р.Ш. Фардиева\""]
[24,"Фасхутдинова","ж",9,9,41,100,"призер",null,"Белышева Анна Владимировна","МБОУ \"Татарская гимназия имени Р.Ш. Фардиева\""]
[25,"Васильев","м",9,9,44,100,"призер",null,"Белышева Анна Владимировна","МБОУ \"Татарская гимназия имени Р.Ш. Фардиева\""]
[26,"Галиуллин","м",9,9,40,100,"призер",null,"Белышева Анна Владимировна","МБОУ \"Татарская гимназия имени Р.Ш. Фардиева\""]
[27,"Галиева ","ж",10,10,40,100,"призер",null,"Белышева Анна Владимировна","МБОУ \"Татарская гимназия имени Р.Ш. Фардиева\""]
[28,"Кандалинцев","м",10,10,87,100,"победитель","победитель","Белышева Анна Владимировна","МБОУ \"Татарская гимназия имени Р.Ш. Фардиева\""]
[29,"Хайруллина ","ж",10,10,24,100,"участник",null,"Белышева Анна Владимировна","МБОУ \"Татарская гимназия имени Р.Ш. Фардиева\""]
[30,"Хисамиев","м",10,10,39,100,"призер",null,"Белышева Анна Владимировна","МБОУ \"Татарская гимназия имени Р.Ш. Фардиева\""]
[31,"Шайдуллин","м",10,10,21,100,"участник",null,"Белышева Анна Владимировна","МБОУ \"Татарская гимназия имени Р.Ш. Фардиева\""]
[32,"Шарафеева ","ж",10,10,40,100,"призер",null,"Белышева Анна Владимировна","МБОУ \"Татарская гимназия имени Р.Ш. Фардиева\""]
[33,"Сиразеева","ж",11,11,47,100,"призер",null,"Белышева Анна Владимировна","МБОУ \"Татарская гимназия имени Р.Ш. Фардиева\""]
[34,"Сковородников","м",11,11,41,100,"призер",null,"Белышева Анна Владимировна","МБОУ \"Татарская гимназия имени Р.Ш. Фардиева\""]
[35,"Чупашова","ж",11,11,54,100,"победитель",null,"Белышева Анна Владимировна","МБОУ \"Татарская гимназия имени Р.Ш. Фардиева\""]